<?xml version="1.0" encoding="UTF-8"?>
<record
    xmlns:xsi="http://www.w3.org/2001/XMLSchema-instance"
    xsi:schemaLocation="http://www.loc.gov/MARC21/slim http://www.loc.gov/standards/marcxml/schema/MARC21slim.xsd"
    xmlns="http://www.loc.gov/MARC21/slim">

  <leader>01788am aa2200421i 44500</leader>
  <controlfield tag="003"> PE-LiUPU</controlfield>
  <controlfield tag="005">20251014093007.0</controlfield>
  <controlfield tag="008">    1900s2019    sp a     rba    000 0 spa d</controlfield>
  <datafield tag="020" ind1=" " ind2=" ">
    <subfield code="a">9788417370299</subfield>
  </datafield>
  <datafield tag="035" ind1=" " ind2=" ">
    <subfield code="a">PE-LiUPU000013</subfield>
  </datafield>
  <datafield tag="040" ind1=" " ind2=" ">
    <subfield code="a">PE-LiUPU</subfield>
    <subfield code="b">spa</subfield>
    <subfield code="c">PE-LiUPU</subfield>
    <subfield code="e">rda</subfield>
  </datafield>
  <datafield tag="041" ind1="0" ind2=" ">
    <subfield code="a">spa</subfield>
  </datafield>
  <datafield tag="082" ind1="0" ind2="4">
    <subfield code="a">618.970231</subfield>
    <subfield code="b">E42e</subfield>
    <subfield code="2">23</subfield>
  </datafield>
  <datafield tag="100" ind1=" " ind2=" ">
    <subfield code="a">Eliopoulos, Charlotte,</subfield>
    <subfield code="e">autora.</subfield>
    <subfield code="9">7158</subfield>
  </datafield>
  <datafield tag="245" ind1="1" ind2="0">
    <subfield code="a">Enfermer&#xED;a geri&#xE1;trica y gerontol&#xF3;gica /</subfield>
    <subfield code="c">por Charlotte Eliopoulos.</subfield>
  </datafield>
  <datafield tag="250" ind1=" " ind2=" ">
    <subfield code="a">9&#xAA; edici&#xF3;n.</subfield>
  </datafield>
  <datafield tag="264" ind1=" " ind2="1">
    <subfield code="a">Barcelona :</subfield>
    <subfield code="b">Wolters Kluwer,</subfield>
    <subfield code="c">2019.</subfield>
  </datafield>
  <datafield tag="300" ind1=" " ind2=" ">
    <subfield code="a">539 p&#xE1;ginas :</subfield>
    <subfield code="b">ilustraciones ;</subfield>
    <subfield code="c">27 cm </subfield>
    <subfield code="e">1 recurso en l&#xED;nea.</subfield>
  </datafield>
  <datafield tag="336" ind1=" " ind2=" ">
    <subfield code="a">texto</subfield>
    <subfield code="2">rdacontent</subfield>
  </datafield>
  <datafield tag="337" ind1=" " ind2=" ">
    <subfield code="a">sin mediaci&#xF3;n</subfield>
    <subfield code="2">rdamedia</subfield>
  </datafield>
  <datafield tag="338" ind1=" " ind2=" ">
    <subfield code="a">volumen</subfield>
    <subfield code="2">rdacarrier</subfield>
  </datafield>
  <datafield tag="500" ind1=" " ind2=" ">
    <subfield code="a">Traducci&#xF3;n de: Gerontological nursing, 9th ed.</subfield>
  </datafield>
  <datafield tag="504" ind1=" " ind2=" ">
    <subfield code="a">Incluye referencias bibliogr&#xE1;ficas e &#xED;ndice.</subfield>
  </datafield>
  <datafield tag="505" ind1="0" ind2=" ">
    <subfield code="a">La experiencia del envejecimiento -- Fundamentos de enfermer&#xED;a geri&#xE1;trica y gerontol&#xF3;gica -- Promoci&#xF3;n de la salud -- Atenci&#xF3;n geri&#xE1;trica -- Escenarios y problemas espec&#xED;ficos en la atenci&#xF3;n geri&#xE1;trica. </subfield>
  </datafield>
  <datafield tag="546" ind1=" " ind2=" ">
    <subfield code="a">Texto en espa&#xF1;ol.</subfield>
  </datafield>
  <datafield tag="650" ind1="1" ind2="4">
    <subfield code="a">Enfermer&#xED;a geri&#xE1;trica.</subfield>
    <subfield code="9">7159</subfield>
  </datafield>
  <datafield tag="650" ind1="2" ind2="4">
    <subfield code="a">Gerontolog&#xED;a.</subfield>
    <subfield code="9">7160</subfield>
  </datafield>
  <datafield tag="650" ind1="2" ind2="4">
    <subfield code="a">Cuidado de ancianos.</subfield>
    <subfield code="9">7161</subfield>
  </datafield>
  <datafield tag="650" ind1="2" ind2="4">
    <subfield code="a">Salud del adulto mayor.</subfield>
    <subfield code="9">7162</subfield>
  </datafield>
  <datafield tag="700" ind1=" " ind2=" ">
    <subfield code="a">Bautista Eugenio, Ver&#xF3;nica,</subfield>
    <subfield code="e">editora.</subfield>
    <subfield code="9">7163</subfield>
  </datafield>
  <datafield tag="700" ind1=" " ind2=" ">
    <subfield code="a">Ochoa, Rebeca Victoria,</subfield>
    <subfield code="e">editora.</subfield>
    <subfield code="9">7164</subfield>
  </datafield>
  <datafield tag="700" ind1=" " ind2=" ">
    <subfield code="a">Villalobos Courtin, Alicia,</subfield>
    <subfield code="e">editora.</subfield>
    <subfield code="9">7165</subfield>
  </datafield>
  <datafield tag="710" ind1=" " ind2=" ">
    <subfield code="a">Wolters Kluwer,</subfield>
    <subfield code="e">editor.</subfield>
    <subfield code="9">7166</subfield>
  </datafield>
  <datafield tag="856" ind1="4" ind2="0">
    <subfield code="u">https://thepoint.lww.com</subfield>
    <subfield code="z">Acceso a contenido en l&#xED;nea (requiere c&#xF3;digo).</subfield>
  </datafield>
  <datafield tag="942" ind1=" " ind2=" ">
    <subfield code="2">ddc</subfield>
    <subfield code="c">BK</subfield>
  </datafield>
  <datafield tag="980" ind1=" " ind2=" ">
    <subfield code="8">18226</subfield>
    <subfield code="g">Jaime Vilcaz&#xE1;n Jefe de An&#xE1;lisis Documental</subfield>
  </datafield>
  <datafield tag="999" ind1=" " ind2=" ">
    <subfield code="c">31596</subfield>
    <subfield code="d">31596</subfield>
  </datafield>
  <datafield tag="952" ind1=" " ind2=" ">
    <subfield code="r">2025-12-03 00:00:00</subfield>
    <subfield code="i">4</subfield>
    <subfield code="l">1</subfield>
    <subfield code="o">618.970231 E42e</subfield>
    <subfield code="p">79742</subfield>
    <subfield code="s">2025-10-14</subfield>
    <subfield code="t">e1</subfield>
    <subfield code="v">64.49</subfield>
    <subfield code="w">2019-08-05</subfield>
    <subfield code="x">FCS</subfield>
    <subfield code="y">BK</subfield>
    <subfield code="z">inventario-2023-12-13</subfield>
    <subfield code="1">0</subfield>
    <subfield code="2">ddc</subfield>
    <subfield code="5">0</subfield>
    <subfield code="7">0</subfield>
    <subfield code="8">GEN</subfield>
    <subfield code="f">P22</subfield>
    <subfield code="a">BUL</subfield>
    <subfield code="b">BUL</subfield>
    <subfield code="c">GEN</subfield>
    <subfield code="d">2019-08-05</subfield>
    <subfield code="e">COMPRA</subfield>
    <subfield code="g">59.49</subfield>
  </datafield>
  <datafield tag="952" ind1=" " ind2=" ">
    <subfield code="r">2025-12-03 00:00:00</subfield>
    <subfield code="i">4</subfield>
    <subfield code="l">0</subfield>
    <subfield code="o">618.970231 E42e</subfield>
    <subfield code="p">82817</subfield>
    <subfield code="t">e2</subfield>
    <subfield code="v">64.49</subfield>
    <subfield code="w">2025-10-10</subfield>
    <subfield code="x">FCS</subfield>
    <subfield code="y">BK</subfield>
    <subfield code="1">0</subfield>
    <subfield code="2">ddc</subfield>
    <subfield code="5">0</subfield>
    <subfield code="7">0</subfield>
    <subfield code="8">GEN</subfield>
    <subfield code="f">P22</subfield>
    <subfield code="a">BUL</subfield>
    <subfield code="b">BUL</subfield>
    <subfield code="c">GEN</subfield>
    <subfield code="d">2019-08-05</subfield>
    <subfield code="e">COMPRA</subfield>
    <subfield code="g">59.49</subfield>
  </datafield>
</record>
